00539nam a2200169 a 450008200190000010000250001924500630004426000440010730000090015150000350016050500100019565000220020570000250022794200070025295200970025999900130035600a500.80297bNAS aNasr, Seyyed Hussain aIntroduction of Islamic Cosmological Doctrines Conceptions aHarvardbHarvard University Pressc1964 a312p aincludes index and biblioraphy2 aIndex aQuran and Science1 aNasr, Seyyed Hussain cBK 00104070aHMIbHMId2005-05-24g0.00l0o500.80297 NASp03302r2005-05-24w2026-01-16yEB c125d125